| 000 | 00994nam a2200301 i 4500 | ||
|---|---|---|---|
| 003 | DO-SdBNP | ||
| 005 | 20260114100416.0 | ||
| 007 | ta | ||
| 008 | 210809e200- dr ||||er|||| 001 e spa d | ||
| 040 |
_aDO-SdBNP _bspa _cBNPHU _erda |
||
| 041 | _aspa | ||
| 082 | 4 |
_axxx _bI24c _222 |
|
| 245 | 0 | 0 | _aCarta encíclica Laudato si' del Santo Padre Francisco sobre el cuidado de la casa común |
| 264 | 1 |
_aSanto Domingo : _bEdiciones MSC, _c200?. |
|
| 300 |
_a191 páginas ; _c23 cm. |
||
| 336 |
_atexto _btxt _2rdacontent |
||
| 337 |
_asin mediación _bn _2rdamedia |
||
| 338 |
_avolumen _bnc _2rdacarrier |
||
| 500 | _aIncluye referencias bibliográficas y nota al pié de las páginas. | ||
| 590 | _aInventariado 2021 / MF | ||
| 650 | 4 |
_aCartas pontificias _979445 |
|
| 650 | 4 |
_aEncíclicas _948333 |
|
| 650 | 4 |
_aEcología Humana _92035 |
|
| 650 | 4 |
_aIglesia católica _xDoctrinas _977953 |
|
| 650 | 4 |
_aSociología Cristiana _xIglesia Católica _934550 |
|
| 910 | _aMFeliz | ||
| 942 |
_2ddc _cLBS1 |
||
| 999 |
_c50206 _d50206 |
||